[Event "POL-chT3 Kujawsko-Pomorskie 2223"]
[Site "Poland"]
[Date "2023.??.??"]
[Round "6.24"]
[White "Sliwa, Krzysztof"]
[Black "Binger, Damian"]
[Result "1-0"]
[WhiteElo "1352"]
[BlackElo "1228"]
[PlyCount "77"]
[EventDate "2022.11.13"]
[EventType "team-swiss"]
[EventRounds "7"]
[EventCountry "POL"]
[SourceTitle "EXT 2024"]
[Source "ChessBase"]
[SourceDate "2023.10.10"]
[SourceVersion "1"]
[SourceVersionDate "2023.10.10"]
[SourceQuality "1"]

1. e4 d5 2. exd5 Qxd5 3. Nc3 Qa5 4. Bc4 Nf6 5. d3 c6 6. Bd2 Qc7 7. Qe2 e6 8. Nf3 Bd6 9. Bb3 Nbd7 10. d4 0-0 11. 0-0-0 Re8 12. h3 h6 13. g4 Bf4 14. Rhe1 Bxd2+ 15. Rxd2 b5 16. g5 hxg5 17. Nxg5 Nf8 18. Nce4 Qf4 19. Nxf6+ Qxf6 20. Rg1 Bb7 21. Rd3 c5 22. dxc5 Bd5 23. Bxd5 exd5 24. Qd2 Re5 25. Rxd5 Rxd5 26. Qxd5 Rd8 27. Qg2 Qf4+ 28. Kb1 Ng6 29. Ne6 fxe6 30. Qxg6 Qd4 31. Qxe6+ Kh8 32. Qg4 Qxg4 33. hxg4 Kg8 34. Kc1 Kf7 35. Rd1 Rc8 36. Rd7+ Kg6 37. b4 a5 38. bxa5 Rxc5 39. a6 1-0

[Event "POL-ch U17 Qual"]
[Site "Jastrzebia Gora"]
[Date "2021.11.21"]
[Round "9"]
[White "Sliwa, Krzysztof"]
[Black "Szafranski, Maciej"]
[Result "0-1"]
[WhiteElo "1212"]
[BlackElo "1596"]
[PlyCount "76"]
[EventDate "2021.11.15"]
[EventType "swiss"]
[EventRounds "9"]
[EventCountry "POL"]
[SourceTitle "EXT 2023"]
[Source "ChessBase"]
[SourceDate "2022.10.05"]
[SourceVersion "1"]
[SourceVersionDate "2022.10.05"]
[SourceQuality "1"]

1. e4 c5 2. Nf3 d6 3. d4 cxd4 4. Nxd4 Nf6 5. Nc3 a6 6. f3 e5 7. Nb3 Be6 8. Be3 Nbd7 9. g4 Be7 10. Qd2 Nb6 11. 0-0-0 0-0 12. h4 Qc7 13. h5 Nc4 14. Bxc4 Qxc4 15. g5 Nd7 16. Rdg1 b5 17. g6 Kh8 18. gxh7 Kxh7 19. Nd5 Bxd5 20. exd5 Nf6 21. Qg2 Ne8 22. f4 exf4 23. Bd4 f3 24. Qxf3 Rc8 25. Qe4+ f5 26. Qg2 Bf6 27. Bxf6 Rxf6 28. Rh2 Qe4 29. Qxe4 fxe4 30. Re2 Rf4 31. Rge1 Nf6 32. Nd2 Re8 33. Kd1 Kh6 34. Rh2 Nxd5 35. c4 Nf6 36. cxb5 axb5 37. Reh1 Ng4 38. Re2 Nf2+ 0-1

[Event "Wloclawek-ch"]
[Site "Wloclawek"]
[Date "2018.??.??"]
[Round "5"]
[White "Wojcik, Bartlomiej"]
[Black "Sliwa, Krzysztof"]
[Result "1-0"]
[WhiteElo "1100"]
[BlackElo "1034"]
[PlyCount "87"]
[EventDate "2018.09.??"]
[EventType "swiss"]
[EventRounds "9"]
[EventCountry "POL"]
[SourceTitle "EXT 2021"]
[Source "ChessBase"]
[SourceDate "2020.10.23"]
[SourceVersion "1"]
[SourceVersionDate "2020.10.23"]
[SourceQuality "1"]

1. e4 e5 2. Nf3 Nc6 3. Bb5 a6 4. Bxc6 dxc6 5. d4 exd4 6. Qxd4 Qxd4 7. Nxd4 Bd6 8. Nc3 Nf6 9. Bd2 Bc5 10. Nde2 0-0 11. f3 Re8 12. 0-0-0 Be6 13. Nf4 Bc4 14. Na4 Ba7 15. b3 Be6 16. Nxe6 Rxe6 17. Rhe1 Rd8 18. Bc3 Nd7 19. Bd4 Bxd4 20. Rxd4 Rd6 21. Rxd6 cxd6 22. Rd1 b5 23. Nb2 Nb6 24. e5 d5 25. Nd3 a5 26. Nc5 Nd7 27. Nxd7 Rxd7 28. c4 Kf8 29. cxd5 Rxd5 30. Rxd5 cxd5 31. Kd2 Ke7 32. Ke3 Ke6 33. Kd4 h5 34. a4 b4 35. f4 f6 36. g3 fxe5+ 37. fxe5 g5 38. h3 g4 39. h4 Ke7 40. Kxd5 Kd7 41. e6+ Kd8 42. Kd6 Ke8 43. e7 Kf7 44. Kd7 1-0